[Event "Cundinamarca-ch sf"]
[Site "Cundinamarca"]
[Date "2016.06.05"]
[Round "2"]
[White "Sanchez, Rubiela"]
[Black "Romero, Carlos"]
[Result "0-1"]
[WhiteElo "1625"]
[BlackElo "1600"]
[PlyCount "42"]
[EventDate "2016.06.04"]
[EventType "swiss"]
[EventRounds "5"]
[EventCountry "COL"]
[SourceTitle "CBM 172 Extra"]
[Source "ChessBase"]
[SourceDate "2016.06.21"]
[SourceVersion "1"]
[SourceVersionDate "2016.06.21"]
[SourceQuality "1"]

1. d4 d5 2. c4 dxc4 3. Nc3 e6 4. e3 Nf6 5. Bxc4 Be7 6. Qc2 0-0 7. Nf3 c5 8. Ne2 cxd4 9. exd4 Nc6 10. Be3 a6 11. a4 Nb4 12. Qd2 Qc7 13. Bb3 Bd7 14. 0-0 Bd6 15. Bf4 Bxf4 16. Nxf4 Rfd8 17. Rac1 Qb6 18. Kh1 Bc6 19. Rfd1 e5 20. Ne2 exd4 21. Nexd4 Rd7 0-1

[Event "Cundinamarca-ch sf"]
[Site "Cundinamarca"]
[Date "2016.06.04"]
[Round "1"]
[White "Romero, Carlos"]
[Black "Mogollon Tobar, Nicolle Juliet"]
[Result "1-0"]
[WhiteElo "1600"]
[BlackElo "1363"]
[PlyCount "34"]
[EventDate "2016.06.04"]
[EventType "swiss"]
[EventRounds "5"]
[EventCountry "COL"]
[SourceTitle "CBM 172 Extra"]
[Source "ChessBase"]
[SourceDate "2016.06.21"]
[SourceVersion "1"]
[SourceVersionDate "2016.06.21"]
[SourceQuality "1"]

1. e4 e5 2. Bc4 Nf6 3. Nf3 Nc6 4. Ng5 d5 5. exd5 Na5 6. Bb5+ c6 7. dxc6 bxc6 8. 0-0 Bd7 9. Bc4 Be6 10. Bxe6 fxe6 11. Nxe6 Qd6 12. Nxf8 Rxf8 13. d3 0-0-0 14. Be3 e4 15. d4 h5 16. Nc3 Ng4 17. g3 Qxd4 1-0